| 000 | 00725cam a2200253M 4500 | ||
|---|---|---|---|
| 001 | 85233 | ||
| 005 | 20230410121104.0 | ||
| 008 | 081107s2008 sp 000 0 spa d | ||
| 020 | _a8493613037 | ||
| 035 | _a(OCoLC)434205763 | ||
| 080 | _a929(460)"19":32 | ||
| 080 | _a321.7(460) | ||
| 080 | _a32(460)"1975/..." | ||
| 050 | 1 | 4 |
_aJN 8221 _bD559c 2008 |
| 100 | 1 |
_aDiego, Enrique de _d1956- |
|
| 245 | 1 | 0 |
_aCasta parasitaria _h: _bla transicion como desastre nacional _cEnrique de Diego. |
| 260 |
_a[Madrid] _bRambla _c2008 |
||
| 300 |
_a144 p. _c19 cm. |
||
| 650 | 0 |
_aSpain _xPolitics and goverment _y1975. |
|
| 650 | 4 |
_aEspaƱa _xPolitica y gobierno _y1975- |
|
| 942 |
_2lcc _cbk |
||
| 994 |
_aC0 _bDRFGD |
||
| 946 | _aAAG | ||
| 999 |
_c57716 _d57716 |
||